[Event "GER-ch Net final U14"]
[Site "Playchess.com INT"]
[Date "2009.06.21"]
[Round "3"]
[White "Kaphle, Sebastian"]
[Black "Barzen, Pascal"]
[Result "0-1"]
[WhiteElo "2120"]
[BlackElo "1868"]
[PlyCount "90"]
[EventDate "2009.06.21"]
[EventType "swiss (blitz)"]
[EventRounds "7"]
[EventCountry "GER"]
[SourceTitle "CBM 130 Extra"]
[Source "ChessBase"]
[SourceDate "2009.07.02"]
[SourceVersion "2"]
[SourceVersionDate "2009.07.15"]
[SourceQuality "1"]

1. e4 c6 2. Nf3 d5 3. exd5 cxd5 4. Ne5 Nc6 5. d4 Nxe5 6. dxe5 e6 7. c3 Bc5 8. Bd3 Ne7 9. 0-0 0-0 10. Nd2 a6 11. Nf3 Ng6 12. Qe2 b5 13. Be3 Qb6 14. Bxc5 Qxc5 15. Nd4 b4 16. Rfc1 bxc3 17. bxc3 Nf4 18. Qd2 Nxd3 19. Qxd3 Bd7 20. Rab1 Rfc8 21. h3 Qa3 22. Qd2 Rab8 23. Rb3 Rxb3 24. axb3 a5 25. Rb1 h6 26. Qe1 Qc5 27. Rc1 a4 28. bxa4 Bxa4 29. Qe3 Qa3 30. f4 Rc4 31. f5 Rxd4 32. Qxd4 Qxc1+ 33. Kh2 Bd7 34. f6 Qg5 35. g3 gxf6 36. exf6 Kh7 37. h4 Qf5 38. Qa7 e5 39. Qc7 Qf2+ 40. Kh1 Qf3+ 41. Kh2 Be6 42. Qxe5 Qf2+ 43. Kh1 Bg4 44. Qxd5 Bf3+ 45. Qxf3 Qxf3+ 0-1

[Event "GER-ch Net final U14"]
[Site "Playchess.com INT"]
[Date "2009.06.21"]
[Round "1"]
[White "Kaphle, Sebastian"]
[Black "Mons, Leon"]
[Result "1-0"]
[WhiteElo "2120"]
[BlackElo "2134"]
[PlyCount "65"]
[EventDate "2009.06.21"]
[EventType "swiss (blitz)"]
[EventRounds "7"]
[EventCountry "GER"]
[SourceTitle "CBM 130 Extra"]
[Source "ChessBase"]
[SourceDate "2009.07.02"]
[SourceVersion "2"]
[SourceVersionDate "2009.07.15"]
[SourceQuality "1"]

1. e4 d6 2. d4 Nf6 3. Nc3 g6 4. Bg5 h6 5. Bh4 Bg7 6. Bd3 0-0 7. Nge2 c5 8. 0-0 cxd4 9. Nxd4 Nc6 10. Nb3 Bd7 11. Kh1 Rc8 12. f4 Na5 13. Qe2 Bc6 14. e5 dxe5 15. fxe5 Nd5 16. e6 f5 17. Rad1 Bxc3 18. bxc3 Nxc3 19. Qd2 Nxd1 20. Rxd1 Nxb3 21. Qxh6 Qe8 22. axb3 Bd5 23. Bf2 Bxe6 24. Bd4 Rf6 25. Bxf6 exf6 26. Re1 Qf7 27. Qe3 Bd5 28. Qxa7 Re8 29. Rxe8+ Qxe8 30. Qf2 Qe5 31. Kg1 Be4 32. Bf1 Qd5 33. Bc4 1-0

[Event "GER-ch Net final U14"]
[Site "Playchess.com INT"]
[Date "2009.06.21"]
[Round "4"]
[White "Kaphle, Sebastian"]
[Black "Osmanodja, Filiz"]
[Result "1-0"]
[WhiteElo "2120"]
[BlackElo "1963"]
[PlyCount "73"]
[EventDate "2009.06.21"]
[EventType "swiss (blitz)"]
[EventRounds "7"]
[EventCountry "GER"]
[SourceTitle "CBM 130 Extra"]
[Source "ChessBase"]
[SourceDate "2009.07.02"]
[SourceVersion "2"]
[SourceVersionDate "2009.07.15"]
[SourceQuality "1"]

1. e4 c5 2. Nf3 d6 3. d4 cxd4 4. Nxd4 Nf6 5. Nc3 a6 6. Be3 e5 7. Nf3 Be7 8. Bc4 Nc6 9. 0-0 Na5 10. Be2 0-0 11. Bg5 Be6 12. Bxf6 Bxf6 13. Nd5 Bxd5 14. Qxd5 Rc8 15. b4 Nc6 16. c3 Qb6 17. Rfd1 Rfd8 18. a4 Ne7 19. Qb3 a5 20. Bc4 axb4 21. Bxf7+ Kf8 22. cxb4 Nc6 23. Be6 Rc7 24. b5 Nd4 25. Nxd4 exd4 26. Qh3 d3 27. Rab1 Rc2 28. Kh1 Qxf2 29. Rxd3 Rb2 30. Rbd1 Ke7 31. Bd5 Kf8 32. Rf3 Rd2 33. Rf1 Qd4 34. Rxf6+ gxf6 35. Qh6+ Ke8 36. Qh5+ Kd7 37. Qf7+ 1-0